Adaptación de un diseño de instalación de servicio de calentamiento solar de agua para uso higiénico en el Hotel Mansión Teodolinda

El desarrollo de ésta propuesta, representa una opción de independencia de la energía comercial para el servicio de agua caliente en las habitaciones del hotel; lo que permitirá la comparación de la tecnología convencional que actualmente utiliza el hotel y la tecnología solar, en el que la u...

Full description

Bibliographic Details
Main Author: Offenburger Espinosa, Margaretha
Other Authors: Tutor: López Guadamuz, Juan José
Format: Tesis Section = Libro
Language:Undetermined
Spanish
Published: Managua UNI 2008
Subjects:
LEADER 01408nam a2200265Ia 4500
008 240830s9999 xx 000 0 und d
040 |a BIBLIOTECA-RUPAP Mon 697.78 O32 
041 |a spa 
082 |a Mon 697.78 O32 
100 1 |a Offenburger Espinosa, Margaretha 
245 1 0 |a Adaptación de un diseño de instalación de servicio de calentamiento solar de agua para uso higiénico en el Hotel Mansión Teodolinda 
260 |a Managua  |b UNI  |c 2008 
300 |a 98 p. :il. 
500 |a Contiene: apéndice, glosario y CD. 
502 |a Tesis (Ingeniero de Sistemas)- UNI, 2008. 
520 3 |a El desarrollo de ésta propuesta, representa una opción de independencia de la energía comercial para el servicio de agua caliente en las habitaciones del hotel; lo que permitirá la comparación de la tecnología convencional que actualmente utiliza el hotel y la tecnología solar, en el que la última opción resulta ser: de menor gasto en energía comercial y de suministro de acceso constante sin afectaciones de inflación. 
650 7 |a CALEFACCION SOLAR - AGUA - HOTEL MANSION TEODOLINDA 
650 7 |b DIAGNOSTICO ENERGETICO 
650 7 |c PROPUESTA - SISTEMAS DE CALEFACCION SOLAR 
650 7 |d GENERACION DE ELECTRICIDAD A PARTIR DE ENERGIA SOLAR 
650 7 |e AHORRO ENERGETICO 
700 1 |a Tutor:  |b López Guadamuz, Juan José 
942 |c BK  |2 ddc 
991 |a TESIS 
999 |c 17960